00631nam a2200145Ia 4500008004100000082002700041100003000068245011400098260002400212300001100236502007300247650004700320952010100367999001700468120622s9999 xx 000 0 und d aT 618.89143 B736g 2004 aBorowsky Bravo, C. Saúl aLa Gestalt vista como un enfoque integrador de diversas corrientes de psicoterapia / C. Saúl Borowsky Bravo aMéxico : El Autor a149 h. aTesis (Lic. en Psicologia). -- Universidad Insurgentes, Plantel Xola a1. PSICOTERAPIA \ 2. PSICOLOGIA GESTALTÌ 00104070a01b01d2007-01-25l0oT 618.89143 B736G 2004p01 008992r2012-06-24w2012-06-24yLB c58735d58735